Národnostné presuny v bankovníctve Slovenska v medzivojnovom období

V prvých rokoch existencie Československa zaznamenali národné slovenské banky neobyčajný vzostup. Nárast dopytu po úveroch. Prílev zahraničného kapitálu od amerických Slovákov. Banková kríza v r. 1923-1924 urýchlila centralizačný proces v bankovníctve na Slovensku. Bankové zákonodarstvo. Krízový výv...

Ausführliche Beschreibung

Gespeichert in:
Bibliographische Detailangaben
1. Verfasser: Faltus, Jozef
Format: Buchkapitel
Sprache:Slowakisch
Schlagworte:
Tags: Tag hinzufügen
Keine Tags, Fügen Sie das erste Tag hinzu!

MARC

LEADER 00000naa a2200000 4500
001 r021444
005 20230918074212.1
041 0 |a slo 
044 |a SK 
245 1 0 |a Národnostné presuny v bankovníctve Slovenska v medzivojnovom období  |c Jozef Faltus 
520 |a V prvých rokoch existencie Československa zaznamenali národné slovenské banky neobyčajný vzostup. Nárast dopytu po úveroch. Prílev zahraničného kapitálu od amerických Slovákov. Banková kríza v r. 1923-1924 urýchlila centralizačný proces v bankovníctve na Slovensku. Bankové zákonodarstvo. Krízový vývoj 30. rokov. Pôsobenie českých bánk na Slovensku (filiálky). Zníženie vplyvu budapeštianskych a viedenských bánk na kapitálovom trhu Slovenska. 
610 2 0 |a bankovníctvo 
610 2 0 |a Slovensko 
610 2 0 |a 1919-1937 
610 2 0 |a história 
610 2 0 |a banky 
610 2 0 |a trh kapitálový 
610 2 0 |a obchody bankové 
610 2 0 |a filiálky 
100 1 |a Faltus, Jozef